Paesi dell'Europa - Morte improvvisa - Statistics

Statistiche generali
  • Questo quiz è stato fatto 179 volte
    176 dall'ultimo reset
  • Il punteggio medio è 35 su 42
Answers on the Grid
Answers color-coded by a green-red scale on the quiz's grid according to % correct below.
Albania
Andorra
Austria
Belgio
Bielorussia
Bosnia ed Erzegovina
Bulgaria
Croazia
Danimarca
Estonia
Finlandia
Francia
Germania
Grecia
Irlanda
Islanda
Italia
Lettonia
Liechtenstein
Lituania
Lussemburgo
Macedonia del Nord
Malta
Moldavia
Monaco
Montenegro
Norvegia
Paesi Bassi
Polonia
Portogallo
Regno Unito
Repubblica Ceca
Romania
San Marino
Serbia
Slovacchia
Slovenia
Spagna
Svezia
Svizzera
Ucraina
Ungheria
Afghanistan
Angola
Arabia Saudita
Nuova Zelanda
Bahamas
Barbados
Bhutan
Bolivia
Burkina Faso
Burundi
Ciad
Colombia
Corea del Nord
Cuba
Dominica
El Salvador
Etiopia
Figi
Filippine
Ghana
Guatemala
Madagascar
Gibuti
Haiti
Iraq
Isole Marshall
Israele
Kenya
Kiribati
Libano
Libia
Mali
Mozambico
Nepal
Nigeria
Pakistan
Perù
Ruanda
Saint Kitts e Nevis
Senegal
Singapore
Somalia
Sudafrica
Suriname
Tanzania
Tunisia
Uganda
Tonga
 
Statistiche sulle risposte
Risposta % Corretto
Monaco
89%
Slovenia
89%
Croazia
87%
Finlandia
87%
Montenegro
87%
Slovacchia
87%
Svezia
87%
Albania
85%
Andorra
85%
Austria
85%
Belgio
85%
Bielorussia
85%
Bulgaria
85%
Estonia
85%
Germania
85%
Grecia
85%
Irlanda
85%
Islanda
85%
Lettonia
85%
Liechtenstein
85%
Lituania
85%
Lussemburgo
85%
Moldavia
85%
Polonia
85%
Serbia
85%
Svizzera
85%
Bosnia ed Erzegovina
83%
Francia
83%
Italia
83%
Macedonia del Nord
83%
Norvegia
83%
Portogallo
83%
Regno Unito
83%
Repubblica Ceca
83%
San Marino
83%
Ucraina
83%
Ungheria
83%
Danimarca
80%
Malta
80%
Paesi Bassi
80%
Romania
80%
Spagna
80%
Nessun quiz corrispondente trovato
Distribuzione punteggi
Percentuale di utenti per punteggio
Percentile per numero di risposta
I tuoi punteggi nel tempo
Non hai fatto questo quiz dall'ultimo reset